00462nam a2200157 a 4500008004100000020002300041100002000064245007000084260004200154300003400196500002000230650002700250003000100277005001700278040000900295  a0859417301 (pbk.) 1 aRedhead, Keith.10aIntroduction to the international money markets /cKeith Redhead. aNew York :bWoodhead-Faulkner,c1992. avii, 152 p. :bill. ;c23 cm. aIncludes index. 0aInternational finance.20230123133557.0 cNUST